Geodynamický vývoj Západných Karpát v paleozoiku - pokus o rekonštrukciu z magmatického záznamu

Bibliographic Details
Main Author: PETER IVAN (Author)
Format: Article
Language:Slovak

MARC

LEADER 00000nab a2200000uu 4500
001 vtls010890614
003 SK-MaSNL
005 20260303145202.0
008 230222|2005 xo |||||||||||||||||slo|
015 |a SNBRB 
035 |a (urnnbn)urn:nbn:sk:snk:ar-005kc5 
035 |a (uuid)35ab3851-5275-4341-89c5-b8989fcbb846 
035 |a urn:nbn:sk:snk-ab8kll 
040 |a SNKBUCL  |b slo  |c SNKBUCL  |e AACR2 
041 0 |a slo 
044 |a xo  |c SK 
100 1 |a PETER IVAN  |4 aut  |9 1167571 
245 1 0 |a Geodynamický vývoj Západných Karpát v paleozoiku - pokus o rekonštrukciu z magmatického záznamu  |c Peter Ivan 
246 3 |a Paleozoic geodynamic evolution of Western Carpathians: Attempt of its reconstruction from magmatic record 
773 0 |t Mineralia Slovaca : časopis pre regionálnu a environmentálnu geológiu a aktivity Slovenskej geologickej spoločnosti a geologických asociácií  |g Roč. 37, č. 3 (2005), s. 185-188 
954 |a odborná, vedecká literatúra pôvodná (slovenská)  |2 lita 
958 |a OND 
958 |a EUIPO 
958 |a article10 
999 |c 2001198  |d 2003128